Optimizing the Amount of Equity As an Important Tool for the Sustainability of Businesses

Identifikácia položiek s najväčśím vplyvom na výšku vlastného imania a udržateľnosť podnikov pôsobiacich v oblasti cestovného ruchu v Slovenskej republike. Analýza vplyvu pandémie COVID-19 na udržateľnosť podnikov. Vlastné zdroje z účtovného hľadiska.

Na minha lista:
Detalhes bibliográficos
Autor principal: Tasáryová, Katarína, 1995-
Outros Autores: Pakšiová, Renáta, 1974-
Formato: Capítulo de Livro
Idioma:inglês
Assuntos:
Tags: Adicionar Tag
Sem tags, seja o primeiro a adicionar uma tag!

MARC

LEADER 00000naa$a2200000$$$4500
001 0276413
005 20240502083838.0
041 0 |a eng 
044 |a CZ 
245 1 0 |a Optimizing the Amount of Equity As an Important Tool for the Sustainability of Businesses  |c Katarína Tasáryová, Renáta Pakšiová 
520 |a Identifikácia položiek s najväčśím vplyvom na výšku vlastného imania a udržateľnosť podnikov pôsobiacich v oblasti cestovného ruchu v Slovenskej republike. Analýza vplyvu pandémie COVID-19 na udržateľnosť podnikov. Vlastné zdroje z účtovného hľadiska. 
610 2 0 |a imanie vlastné 
610 2 0 |a zdroje finančné vlastné 
610 2 0 |a výsledok hospodársky 
610 2 0 |a podnik 
610 2 0 |a koronavírus 
610 2 0 |a Slovensko 
100 1 |a Tasáryová, Katarína, 1995- 
700 1 |a Pakšiová, Renáta, 1974-